| 000 | 00774cam a2200241 a 4500 | ||
|---|---|---|---|
| 003 | OSt | ||
| 005 | 20140310182527.0 | ||
| 008 | 090331s2010 maua 001 0 eng | ||
| 020 | _a9780763756895 (alk. paper) | ||
| 020 | _a076375689X (alk. paper) | ||
| 050 |
_aQR 46 _b.K734 2010 |
||
| 100 | 1 |
_aKrasner, Robert I. _99584 |
|
| 245 | 1 | 4 |
_aThe microbial challenge : _bscience, disease, and public health / _cRobert I. Krasner. |
| 250 | _a2nd ed. | ||
| 260 |
_aSudbury, Mass. : _bJones and Bartlett Publishers, _cc2010. |
||
| 300 |
_a476 p. : _bcol. ill. ; _c26 cm. |
||
| 500 | _aIncludes index. | ||
| 650 | 0 |
_aMedical microbiology. _97968 |
|
| 650 | 1 | 2 |
_aCommunicable Diseases, Emerging. _99585 |
| 650 | 2 | 2 |
_aMicrobiology. _97967 |
| 942 |
_2lcc _cSSLC |
||
| 999 |
_c14095 _d14095 |
||